Prázdniny na Dubovej samote ; Marián T. Behúň

Bibliographic Details
Main Author: Behúň, Marián T. (Author)
Format: Book
Language:Slovak
Published: Trnava Dobrá kniha 2003
ISBN:807141431X
Edition:[1. vyd.]
Subjects:

MARC

LEADER 00000cam a2200000 a 4500
001 vtls001466988
003 SK-MaSNL
005 20260301121819.0
008 240801s2003 xo a j 0000f slo
015 |a SNBA2004/08-04642 
020 |a 807141431X 
035 |a SNK000422293 
035 |a urn:nbn:sk:snk-amksdg 
035 |a urn:nbn:sk:snk-am005anu 
035 |a A40ADE53-0049-40E3-82A0-87098B10B343 
040 |a SNK  |b slo  |c SNK  |e AACR2 
041 0 |a slo 
044 |a xo  |c SK 
072 7 |a 821.162.4-3  |x Slovenská próza  |2 konspekt 
080 |a 821.162.4-3(0.053.2)  |2 1997 
080 |a 821.162.4-93  |2 1997 
080 |a 821.162.4-31  |2 1981 
080 |a 821-93  |2 1981 
100 1 |a Behúň, Marián T.  |4 aut  |9 466469 
245 1 0 |a Prázdniny na Dubovej samote ; Marián T. Behúň 
250 |a [1. vyd.] 
260 |a Trnava  |b Dobrá kniha  |c 2003 
500 |a Ilustr. na tit. strane 
500 |a Vysvetl. 
500 |a Ilustr. Pavel Čisárik 
650 0 7 |a romány pre mládež, slovenské  |2 SNK  |9 62787 
655 7 |a umelecká literatúra  |2 SNK  |9 60405 
655 7 |a slovenské romány  |2 SNK  |9 70324 
655 7 |a publikácie pre mládež  |2 SNK  |9 70434 
852 |a Slovenská národná knižnica 
919 |a 80-7141-431-X 
954 |a beletria pôvodná (slovenská)  |2 lita 
958 |a LX 
958 |a DB 
968 |d 821 
999 |c 730713  |d 732643 
952 |t P60, <03>, [BOOK], {603}  |a SNK  |b SNK  |y PREZ  |7 0  |p 17A0411860  |o snkSD 73497  |i snkKSP 1048/2004  |0 0  |1 0  |4 0  |d 2004-01-27  |l 0  |r 2025-11-20 00:00:00  |w 2026-02-23 
952 |t P60, <04>, [BOOK], {604}  |a SNK  |b SNK  |y VYP  |7 0  |p 17A0411859  |o snkSD 73497 D1  |i snkKSP 1049/2004  |0 0  |1 0  |4 0  |d 2004-01-27  |f 1  |l 0  |r 2005-01-02 00:00:00  |w 2026-02-23